000 00425nam a22001697a 4500
008 200131b xxu||||| |||| 00| 0 eng d
020 _a9789937064835
041 _aNep.
082 _aN306.703/K520y
100 _aKapali, Rukshana
245 _aYaunikata ra laingikatako shabdakosh
260 _aKathmandu:
_bRukshana Kapali,
300 _a47p. ;illus.
650 _aSex
650 _aDictionaries
942 _2ddc
_cISBN
999 _c91841
_d91830